000 01129nam0a2200313 4500
001 RU\NLR\BIBL_A\022777420
005 20260628201212.0
010 _a978-5-0069-1691-3
021 _aRU
_bКН-П-26-010078
_9КН-П-26-0964
035 _a(NLR Aleph) 022777420
090 _a13742262
_c13742262
100 _a20260407d2026 u y0rusy50 ca
101 0 _arus
102 _aRU
105 _aa j 000yy
181 0 _ai3
_baxxe
182 0 _an
200 1 _aОтливки воском
_eпрактическое руководство
_e[значения и толкования на примерах]
_fНата Знает
203 _aТекст
_bвизуальный
_cнепосредственный
210 _a[Б. м.]
_cИздательские решения
_d2026
215 _a77 с.
_cил.
_d21
333 _a18+
606 1 _aГадание на воске
_92386575
_3RU\NLR\AUTH\661423522
686 1 _aЭ391.2
700 0 _7ca
_8rus
_aНата Знает
_cпсевдоним
_92713824
_3RU\NLR\AUTH\770295217
942 _cBOOK
980 _aNB